Republicans to be Elected President Quiz Stats

 Plays Quiz not verified by Sporcle

Score 0/18 Timer 07:00
0 Plays Today
Year Entered Office President % Correct
1861Abraham Lincoln
98.9%
1989George H.W. Bush
98.9%
2001George W. Bush
98.9%
1981Ronald Reagan
98.3%
1969Richard Nixon
98.3%
1974Gerald Ford
98.3%
1953Dwight D. Eisenhower
96.6%
1901Theodore Roosevelt
95.5%
1929Herbert Hoover
95.5%
Year Entered Office President % Correct
1909William Howard Taft
93.3%
1923Calvin Coolidge
92.2%
1869Ulysses S. Grant
91.6%
1897William McKinley
91.6%
1881James A. Garfield
86%
1889Benjamin Harrison
86%
1921Warren G. Harding
86%
1881Chester A. Arthur
83.2%
1877Rutherford B. Hayes
80.4%

You're not logged in!

Compare scores with friends on all Sporcle quizzes.
OR
Log In

Show Comments

Extras

Top Quizzes Today


Score Distribution

Your Account Isn't Verified!

In order to create a playlist on Sporcle, you need to verify the email address you used during registration. Go to your Sporcle Settings to finish the process.

Report this User

Report this user for behavior that violates our Community Guidelines.

Details: